书目信息 |
| 题名: |
蔬菜生产
|
|
| 作者: | 陈光蓉 主编 | |
| 分册: | ||
| 出版信息: | 重庆 重庆大学出版社 2013.10 |
|
| 页数: | 487页 | |
| 开本: | 26cm | |
| 丛书名: | ||
| 单 册: | ||
| 中图分类: | S63 | |
| 科图分类: | ||
| 主题词: | 蔬菜园艺--高等职业教育--教材 , 蔬菜园艺 | |
| 电子资源: | ||
| ISBN: | 978-7-5624-7718-1 | |
| 000 | 00846nam0 2200277 450 | |
| 001 | 0120131173708 | |
| 005 | 20140610104849.39 | |
| 010 | @a978-7-5624-7718-1@dCNY59.00 | |
| 100 | @a20131206d2013 em y0chiy0110 ea | |
| 101 | 0 | @achi |
| 102 | @aCN@b500000 | |
| 105 | @aak z 000yy | |
| 106 | @ar | |
| 200 | 1 | @a蔬菜生产@9shu cai sheng chan@e南方本@f陈光蓉主编 |
| 210 | @a重庆@c重庆大学出版社@d2013.10 | |
| 215 | @a487页@c图@d26cm | |
| 300 | @a高职高专园艺专业系列规划教材 | |
| 330 | @a全书共分四个模块,主要内容包括:蔬菜生产基础、蔬菜生产基本技能、蔬菜生产、蔬菜生产参考资料。 | |
| 333 | @a高职 | |
| 517 | 1 | @a南方本@9nan fang ben |
| 606 | 0 | @a蔬菜园艺@x高等职业教育@j教材 |
| 606 | 0 | @a蔬菜园艺 |
| 690 | @aS63@v5 | |
| 701 | 0 | @a陈光蓉@9chen guang rong@4主编 |
| 801 | 0 | @aCN@b人天书店@c20131206 |
| 905 | @b846565-67@dS63@e294@f3 | |
| 蔬菜生产:南方本/陈光蓉主编.-重庆:重庆大学出版社,2013.10 |
| 487页:图;26cm |
| 高职高专园艺专业系列规划教材.-使用对象:高职 |
| ISBN 978-7-5624-7718-1:CNY59.00 |
| 全书共分四个模块,主要内容包括:蔬菜生产基础、蔬菜生产基本技能、蔬菜生产、蔬菜生产参考资料。 |
| ● |
| 相关链接 |
|
|
|
|
正题名:蔬菜生产
索取号:S63/294
 
预约/预借
| 序号 | 登录号 | 条形码 | 馆藏地/架位号 | 状态 | 备注 |
| 1 | 846565 | 208465659 | 第二样本阅览室/ [索取号:S63/294] | 在馆 | |
| 2 | 846566 | 208465668 | 密集书库-生命科学系/ [索取号:S63/294] | 在馆 | |
| 3 | 846567 | 208465677 | 第三借阅区/ [索取号:S63/294] | 在馆 |